Rojo y negro: crónica del siglo XIX

Salvato in:
Dettagli Bibliografici
Autore principale: Stendhal (Autore)
Natura: Libro
Lingua:spagnolo
Pubblicazione: Barcelona Lumen 2001
Serie:Palabra en el Tiempo, 297
Soggetti:
Tags: Aggiungi Tag
Nessun Tag, puoi essere il primo ad aggiungerne!!

MARC

LEADER 00000nam a2200000 a 4500
001 UCL0845
003 CL-VaPUC
008 030825e20010000SP |||||||||||||||||spa|d
020 |a 8426403018 
082 0 4 |a 843  |b STE  |2 21 
100 0 |a Stendhal  |e author  |9 344186 
245 1 0 |a Rojo y negro: crónica del siglo XIX 
300 |a 619 p 
942 |c BK 
945 |d 20030825 00:00:00  |a cmena 
260 |a Barcelona  |b Lumen  |c 2001 
650 0 |a Novela francesa  |9 264985 
583 |a last modification  |c 20030825 00:00:00  |k Rodrigo Vera 
490 0 |a Palabra en el Tiempo, 297 
999 |c 304572  |d 304570 
952 |0 0  |1 0  |4 0  |6 843_000000000000000_STE_2001  |7 0  |8 A  |9 367011  |a BIBART  |b BIBART  |d 2019-11-21  |i 3914283  |o 843 STE 2001  |p 3914283  |r 2025-03-13  |w 2019-11-21  |y BK  |k ART